=LDR 00000nam 2200000 4500 =001 INLIS000000000044177 =005 20131008105159 =008 ***********************************Ind** =035 ##$$0010-101300000002099 =041 ##$$a Ind =082 ##$$a 070.17 =090 ##$$a 070.17, Sir, s =100 ##$$a Siregar,Ashadi =245 ##$$a Sketsa-sketsa Media Massa, Ashadi Siregar =260 ##$$a 1995 $b Yogyakarta =300 ##$$a ix,183 hlm.vilus., 20 cm =650 ##$$a Media Massa =850 ##$$a NBPNMAT